000 00713nam a2200289Ia 4500
005 20260324111939.0
008 008 260324s9999 xx 000 0 eng d
020 _a9781032650012
037 _aEBOOK
040 _aCRL
040 _beng
040 _cCRL
041 _2eng
041 _aeng
084 _qCRL
100 _aSouhir Zekri Masson
_91140667
245 0 _aMetaphors of Motherhood in Marina Warner’s Fiction and Short Fiction
245 0 _bHer Womb Worn Thin
260 _bTaylor and Francis
260 _c2025
365 _a
365 _b230
856 _uhttp://www.taylorfrancis.com/books/9781032650012
942 _cEBOOK
999 _c1729670
_d1729670